00718nam a2200181 i 4500001000700000003000700007005001700014008004100031080002100072100003400093245015500127250001200282260005300294300002200347700003000369700003300399852010400432187363SpMaBN20250818173641.0170615s1937 sp |||| | spa d a821.112.2-31"19"1 aWassermann, Jakob,d1873-193413aEl hombrecillo de los gansos b: (Das Gänsemännchen) / cJakob Wassermann ; traducción de Enrique Giménez Mauro ; [prólogo, Luis Capdevila]. a2ª ed. aBarcelona : bApolo, c1937 (fUnió Gràfica) a473 p. ; c22 cm.1 aGiménez Mauro, Enrique.1 aCapdevila, Luis, d1892-1980 aES-MaACLjL-31719 z- enc. tela z. - Donat. herederos de la bibl. de Mª del Pilar Costa Palacín